Statistiken für Alle Gemeinden von Tirol auf einer Karte

Klicken Sie hier um das Quiz zu spielen!

Allgemein

  • Dieses Quiz wurde 2.805 mal gespielt
    (2.370 seit der letzten Aktualisierung)
  • Das Durchschnittsergebnis liegt bei 127 aus 277

Antworten auf der Karte

Die Antworten werden auf der Karte rot bzw. grün angezeigt, abhängig davon wie oft sie richtig erraten wurden.
 

Antwortstatistiken

BezirkGemeinde% Korrekt
InnsbruckInnsbruck
93%
KufsteinKufstein
86%
ImstImst
82%
ReutteReutte
82%
LienzLienz
81%
KitzbühelKitzbühel
80%
LandeckLandeck
80%
SchwazSchwaz
77%
ImstSölden
73%
LandeckSee
72%
LandeckSt. Anton am Arlberg
72%
Innsbruck-LandMatrei am Brenner
70%
LienzMatrei in Osttirol
70%
Innsbruck-LandTelfs
70%
Innsbruck-LandHall in Tirol
69%
LandeckIschgl
69%
LienzSt. Johann im Walde
68%
KitzbühelSt. Johann in Tirol
68%
KufsteinWörgl
67%
Innsbruck-LandSeefeld in Tirol
65%
SchwazMayrhofen
64%
SchwazZell am Ziller
64%
SchwazJenbach
62%
Innsbruck-LandWattens
62%
LandeckZams
61%
Innsbruck-LandZirl
61%
LandeckGaltür
60%
Innsbruck-LandRum
60%
Innsbruck-LandAxams
59%
ImstLängenfeld
59%
Innsbruck-LandMils
59%
ImstMils bei Imst
59%
KitzbühelReith bei Kitzbühel
59%
Innsbruck-LandReith bei Seefeld
59%
KufsteinReith im Alpbachtal
59%
ImstStams
58%
Innsbruck-LandAbsam
57%
Innsbruck-LandNeustift im Stubaital
57%
KitzbühelKirchberg in Tirol
56%
ImstMieming
56%
KufsteinRattenberg
56%
LandeckSerfaus
56%
Innsbruck-LandVöls
56%
ImstArzl im Pitztal
55%
KufsteinEllmau
55%
LandeckFiss
55%
Innsbruck-LandGries am Brenner
55%
Innsbruck-LandGries im Sellrain
55%
LandeckLadis
55%
LandeckNauders
55%
SchwazAchenkirch
54%
KufsteinEbbs
54%
ImstHaiming
54%
Innsbruck-LandKematen in Tirol
54%
LienzSt. Jakob in Defereggen
54%
KitzbühelSt. Jakob in Haus
54%
ImstSt. Leonhard im Pitztal
54%
SchwazVomp
54%
SchwazFügen
53%
KitzbühelHopfgarten im Brixental
53%
LienzHopfgarten in Defereggen
53%
LandeckKappl
53%
ImstOetz
53%
Innsbruck-LandSteinach am Brenner
53%
SchwazTux
53%
ImstUmhausen
53%
KitzbühelBrixen im Thale
52%
KufsteinErl
52%
KitzbühelFieberbrunn
52%
Innsbruck-LandFulpmes
52%
Innsbruck-LandInzing
52%
LandeckKaunertal
52%
Innsbruck-LandMutters
52%
Innsbruck-LandNatters
52%
ImstNassereith
51%
Innsbruck-LandThaur
51%
KitzbühelKirchdorf in Tirol
50%
Innsbruck-LandLeutasch
50%
LandeckRied im Oberinntal
50%
SchwazRied im Zillertal
50%
Innsbruck-LandScharnitz
50%
SchwazStans
50%
ReutteVils
50%
KufsteinBrixlegg
49%
ReutteEhrwald
49%
SchwazGerlos
49%
KitzbühelGoing am Wilden Kaiser
49%
Innsbruck-LandHatting
49%
ReutteJungholz
49%
KufsteinKirchbichl
49%
Innsbruck-LandPfaffenhofen
49%
KufsteinSöll
49%
Innsbruck-LandVolders
49%
Innsbruck-LandAldrans
48%
KufsteinAlpbach
48%
Innsbruck-LandGötzens
48%
ImstImsterberg
48%
KufsteinKramsach
48%
KufsteinKundl
48%
ImstMötz
48%
Innsbruck-LandOberperfuss
48%
LandeckPfunds
48%
ImstRietz
48%
SchwazWeer
48%
SchwazEben am Achensee
47%
LienzKals am Großglockner
47%
Innsbruck-LandSellrain
47%
LienzSillian
47%
ImstSilz
47%
ImstWenns
47%
KitzbühelWestendorf
47%
KufsteinWildschönau
47%
ImstJerzens
46%
LandeckKauns
46%
KitzbühelKössen
46%
ImstObsteig
46%
Innsbruck-LandPatsch
46%
LandeckPettneu am Arlberg
46%
ImstRoppen
46%
ImstTarrenz
46%
Innsbruck-LandTelfes im Stubaital
46%
KufsteinThiersee
46%
Innsbruck-LandFlaurling
45%
KitzbühelHochfilzen
45%
Innsbruck-LandNavis
45%
LandeckSchönwies
45%
LandeckStanz bei Landeck
45%
SchwazStrass im Zillertal
45%
Innsbruck-LandUnterperfuss
45%
LienzAußervillgraten
44%
ReutteBiberwier
44%
KufsteinBreitenbach am Inn
44%
LienzInnervillgraten
44%
Innsbruck-LandOberhofen im Inntal
44%
Innsbruck-LandPettnau
44%
Innsbruck-LandSchönberg im Stubaital
44%
Innsbruck-LandSistrans
44%
Innsbruck-LandTulfes
44%
KufsteinWalchsee
44%
SchwazWeerberg
44%
SchwazFinkenberg
43%
Innsbruck-LandGrinzens
43%
LandeckKaunerberg
43%
Innsbruck-LandKolsass
43%
KufsteinLangkampfen
43%
Innsbruck-LandMieders
43%
KufsteinMünster
43%
ReutteNamlos
43%
SchwazPill
43%
Innsbruck-LandRinn
43%
KufsteinScheffau am Wilden Kaiser
43%
Innsbruck-LandWildermieming
43%
SchwazAschau im Zillertal
42%
ReutteBichlbach
42%
KufsteinBrandenberg
42%
SchwazBuch in Tirol
42%
Innsbruck-LandEllbögen
42%
LandeckFließ
42%
LandeckFlirsch
42%
Innsbruck-LandFritzens
42%
Innsbruck-LandGnadenwald
42%
Innsbruck-LandGschnitz
42%
KitzbühelItter
42%
KitzbühelJochberg
42%
ImstKarres
42%
ReutteLermoos
42%
KufsteinNiederndorf
42%
Innsbruck-LandObernberg am Brenner
42%
Innsbruck-LandPolling in Tirol
42%
LandeckPrutz
42%
ImstSautens
42%
KitzbühelSt. Ulrich am Pillersee
42%
KitzbühelWaidring
42%
Innsbruck-LandWattenberg
42%
Innsbruck-LandAmpass
41%
ReutteBerwang
41%
Innsbruck-LandBirgitz
41%
ImstKarrösten
41%
SchwazSchlitters
41%
Innsbruck-LandSt. Sigmund im Sellrain
41%
ReutteTannheim
41%
SchwazBruck am Ziller
40%
ReutteElbigenalp
40%
LandeckGrins
40%
ReutteHeiterwang
40%
Innsbruck-LandLans
40%
SchwazStumm
40%
SchwazTerfens
40%
LienzAbfaltersbach
39%
KitzbühelAurach bei Kitzbühel
39%
KufsteinBad Häring
39%
SchwazKaltenbach
39%
KitzbühelOberndorf in Tirol
39%
LienzObertilliach
39%
LandeckStrengen
39%
SchwazWiesing
39%
Innsbruck-LandBaumkirchen
38%
SchwazFügenberg
38%
SchwazGerlosberg
38%
ReutteKaisers
38%
Innsbruck-LandKolsassberg
38%
LienzNußdorf-Debant
38%
LandeckPians
38%
SchwazRamsau im Zillertal
38%
Innsbruck-LandSchmirn
38%
LandeckSpiss
38%
LandeckTobadill
38%
LandeckTösens
38%
KufsteinAngath
37%
KufsteinAngerberg
37%
ReutteBach
37%
ReutteBreitenwang
37%
ReutteGramais
37%
KufsteinMariastein
37%
LienzOberlienz
37%
KufsteinRadfeld
37%
KufsteinSchwoich
37%
ReutteSteeg
37%
LienzSt. Veit in Defereggen
37%
Innsbruck-LandTrins
37%
SchwazUderns
37%
Innsbruck-LandVals
37%
ReutteHinterhornbach
36%
SchwazHippach
36%
LienzKartitsch
36%
Innsbruck-LandRanggen
36%
KitzbühelSchwendt
36%
SchwazSteinberg am Rofan
36%
LienzUntertilliach
36%
LienzVirgen
36%
ReutteWeißenbach am Lech
36%
ReutteElmen
35%
ReutteLechaschau
35%
LienzPrägraten am Großvenediger
35%
ReutteSchattwald
35%
ReutteVorderhornbach
35%
LienzAinet
34%
LienzAssling
34%
SchwazBrandberg
34%
LienzDölsach
34%
LandeckFendels
34%
ReutteHäselgehr
34%
ReutteNesselwängle
34%
KufsteinNiederndorferberg
34%
LienzAnras
33%
LandeckFaggen
33%
ReutteGrän
33%
SchwazHart im Zillertal
33%
LienzHeinfels
33%
LienzIselsberg-Stronach
33%
KufsteinRettenschöss
33%
ReutteStanzach
33%
SchwazStummerberg
33%
SchwazZellberg
33%
ReutteEhenbichl
32%
ReutteHolzgau
32%
SchwazSchwendau
32%
LienzStrassen
32%
ReutteWängle
32%
ReutteZöblen
32%
LienzAmlach
31%
SchwazGallzein
31%
SchwazHainzenberg
31%
ReutteHöfen
31%
LienzNikolsdorf
31%
ReuttePflach
31%
LienzTristach
31%
ReutteForchach
30%
LienzLavant
30%
LienzLeisach
30%
LienzGaimberg
29%
ReutteMusau
29%
ReuttePinswang
29%
LienzSchlaiten
29%
ReuttePfafflar
28%
LienzThurn
28%
SchwazRohrberg
26%

Verteilung der Resultate

Perzentil nach korrekt beantworteten Fragen

Anzahl Personen mit jedem Resultat

Ihre Resultats-Entwicklung

Sie haben dieses Quiz seit der letzten Aktualisierung nicht gespielt